Central Library OPAC University of Rajshahi

The economic effects of advertising / (Record no. 16047)

MARC details
000 -LEADER
fixed length control field 00776cam a22002531 4500
001 - CONTROL NUMBER
control field 16047
003 - CONTROL NUMBER IDENTIFIER
rucl marc code BD-RjUL
005 - DATE AND TIME OF LATEST TRANSACTION
control field 20211208235936.0
008 - FIXED-LENGTH DATA ELEMENTS--GENERAL INFORMATION
fixed length control field 140211r19431942iluak 001 0 eng
035 ## - SYSTEM CONTROL NUMBER
System control number (BD-RjUL)16102
System control number (OCoLC)717805
040 ## - CATALOGING SOURCE
Original cataloging agency DLC
Transcribing agency OClU
Modifying agency OCoLC
-- DLC
-- BD-RjUL
Language of cataloging eng
041 ## - LANGUAGE CODE
Language code of text/sound track or separate title eng
082 ## - DEWEY DECIMAL CLASSIFICATION NUMBER
Classification number 659.1
Author mark and year BOE
100 1# - MAIN ENTRY--PERSONAL NAME
Personal name Borden, Neil H.
Fuller form of name (Neil Hopper),
Dates associated with a name 1895-1980.
9 (RLIN) 49684
245 14 - TITLE STATEMENT
Title The economic effects of advertising /
Statement of responsibility, etc. Neil H. Borden ...
260 ## - PUBLICATION, DISTRIBUTION, ETC. (IMPRINT)
Place of publication, distribution, etc. Chicago :
Name of publisher, distributor, etc. R. D. Irwin, inc.,
Date of publication, distribution, etc. 1942 ;reprinted 1943]
300 ## - PHYSICAL DESCRIPTION
Pagination xi, 988 p. :
Illustrations tables (1 fold.) diagrs., forms (1 fold.) ;
Size 24 cm.
504 ## - BIBLIOGRAPHY, ETC. NOTE
Bibliography, etc Includes index.
650 #0 - SUBJECT ADDED ENTRY--TOPICAL TERM
Topical term or geographic name as entry element Advertising.
9 (RLIN) 49685
942 ## - ADDED ENTRY ELEMENTS (KOHA)
Source of classification or shelving scheme Dewey Decimal Classification
Koha item type Books
Holdings
Lost status Source of classification or shelving scheme Damaged status Not for loan Collection code Permanent Location Current Location Shelving location Date acquired Source of acquisition Cost, normal purchase price Total Checkouts Full call number Date last seen Copy number Koha item type
  Dewey Decimal Classification   Not For Loan Non-fiction Central Library, University of Rajshahi Central Library, University of Rajshahi Reading Room 01/03/1958 U.S.I.S. Dacca 0.00   659.1 BOE 1943 11/02/2014 C-1 Books